Dornröschen und Fiebzehn andere Märchen der Brüder Grimm (Record no. 9353)

MARC details
000 -CABECERA
campo de control de longitud fija 00775nam a2200241 a 4500
001 - NÚMERO DE CONTROL
campo de control BRL_541
005 - FECHA Y HORA DE LA ÚLTIMA TRANSACCIÓN
campo de control 20190320210806.0
008 - DATOS DE LONGITUD FIJA--INFORMACIÓN GENERAL
campo de control de longitud fija 020913s1948----gw-a######---#000-0#ger-#
041 ## - CÓDIGO DE LENGUA
Código de lengua del texto/banda sonora o título independiente ger
044 ## - CÓDIGO DEL PAÍS DE LA ENTIDAD EDITORA/PRODUCTORA
Código MARC del país gw
050 #4 - SIGNATURA TOPOGRÁFICA DE LA BIBLIOTECA DEL CONGRESO
Número de clasificación PQ1877
Número de documento/Ítem .D67 1948
245 10 - MENCIÓN DE TÍTULO
Título Dornröschen und Fiebzehn andere Märchen der Brüder Grimm
Mención de responsabilidad, etc. für die jugend ausgewählt von Paul Moriz ; mit vier farbigen und vierzehn schmarzen bildern von Paul Hen
260 ## - PUBLICACIÓN, DISTRIBUCIÓN, ETC.
Lugar de publicación, distribución, etc. Stuttgart, Alemania.
Nombre del editor, distribuidor, etc. Thienemanns
Fecha de publicación, distribución, etc. ca. 1948
300 ## - DESCRIPCIÓN FÍSICA
Extensión 96 p.
Otras características físicas il. algunas a color.
Dimensiones 24 cm.
500 ## - NOTA GENERAL
Nota general Au629
500 ## - NOTA GENERAL
Nota general El ejemplar carece de lomo.
650 14 - PUNTO DE ACCESO ADICIONAL DE MATERIA--TÉRMINO DE MATERIA
Término de materia o nombre geográfico como elemento de entrada Literatura infantil
9 (RLIN) 24249
650 14 - PUNTO DE ACCESO ADICIONAL DE MATERIA--TÉRMINO DE MATERIA
Término de materia o nombre geográfico como elemento de entrada Cuentos
9 (RLIN) 10272
700 1# - PUNTO DE ACCESO ADICIONAL--NOMBRE DE PERSONA
Nombre de persona Moriz, Paul
9 (RLIN) 24250
700 1# - PUNTO DE ACCESO ADICIONAL--NOMBRE DE PERSONA
Nombre de persona Hen, Paul
9 (RLIN) 24251
902 ## - CATALOGADOR
Iniciales GRL
942 ## - ELEMENTOS DE PUNTO DE ACCESO ADICIONAL (KOHA)
Fuente del sistema de clasificación o colocación Library of Congress Classification
Tipo de ítem Koha Libros
Holdings
Estado de retiro Estado de pérdida Estado dañado No para préstamo Localización permanente Ubicación/localización actual Fecha de adquisición Número de inventario Total de préstamos Signatura topográfica completa Código de barras Fecha visto por última vez Precio válido a partir de Tipo de ítem Koha
El ejemplar forma parte de la colección y puede ser consultado según las políticas vigentes.       Biblioteca Centro de Estudios Ruth D. Lechuga Biblioteca Centro de Estudios Ruth D. Lechuga 02/09/2013 Au629   PQ1877 .D67 1948 (Au629) GRL00597 22/03/2019 22/03/2019 Libros